[Event "Pinamar Masters 2nd"]
[Site "Pinamar"]
[Date "2002.03.21"]
[Round "2"]
[White "Slipak, Sergio"]
[Black "Felgaer, Ruben Alejandro"]
[Result "1/2-1/2"]
[WhiteElo "2498"]
[BlackElo "2509"]
[Annotator "Hazai,L"]
[PlyCount "74"]
[EventDate "2002.03.21"]
[EventType "tourn"]
[EventRounds "9"]
[EventCountry "ARG"]
[EventCategory "11"]
[SourceTitle "CBM 088"]
[Source "ChessBase"]
[SourceDate "2002.03.21"]
[SourceVersion "1"]
[SourceVersionDate "2002.03.21"]
[SourceQuality "1"]

1. d4 Nf6 2. Nf3 c5 3. e3 {White cannot claim any real advantage, if he
doesn't fight for the [+] .} g6 4. dxc5 {Giving up the central P cannot be a
successful opening theory.} Qa5+ 5. Nbd2 Bg7 6. a3 Qxc5 7. b4 {/\ Bb2} Qc7 {
/\ b6, Bb7, d6, Nbd7 with a "semi hedgehog" type of position.} (7... Qb6 {
is connected with another idea, to attack on the << by a5.} 8. Bb2 O-O 9. c4 d6
10. Be2 a5 11. c5 (11. Bd4 {The B is vulnerable here.} Qc7 {/\ Nc6 with a
tempo.} 12. O-O Nc6 13. Bc3 Nh5 14. Bxg7 Nxg7 15. Rb1 Bf5 16. Rb2 axb4 17. axb4
Ra3 $11 {and Black has enough counterplay on the a <->.}) 11... dxc5 12. Nc4
Qa7 13. bxc5 Nbd7 (13... Nfd7 14. Bxg7 Kxg7 15. Nb6 $18) 14. Bd4 Nxc5 15. Rb1
Be6 $13 {White has a nice compensation for the P, but perhaps not more than
that.} 16. Rb5 Bxc4 (16... Nfd7 17. Bxg7 Kxg7 18. Qd4+ Kg8 19. Rxa5 Qb8 20.
Rxc5 Nxc5 21. Qxc5 {gets two pieces for the R, but the black heavy artillery
will be very active.} Rc8 22. Qb4 Bxc4 23. Bxc4 b5 24. Be2 Rc1+ 25. Bd1 Qd8 $13
{Janosi}) 17. Bxc4 b6 18. Qb1 Nfe4 $1 {is the active counterplay, Black gives
back the P, but activates his pieces.} (18... Rab8 19. Ne5 Qc7 $2 20. Nxf7 Rxf7
21. Bxc5 $18) (18... Nfd7 $2 19. h4 $16 {Suddenly White changes the course of
the game and opens a new front on the >>.} e5 (19... Bxd4 20. exd4 Nb7 21. h5
Nd6 22. hxg6 Nxc4 23. g7 $18) 20. Bxc5 $16 {Janosi-Honfi, corr 1990 49/82} (20.
h5 {is not so clear after} exd4 21. hxg6 d3 22. Bxf7+ Rxf7 23. gxf7+ Kxf7 24.
Rxh7 Rg8 $13)) 19. Bxg7 Kxg7 20. Bd5 Nd6 21. Rxb6 Rab8 22. Rxb8 Rxb8 23. Qa1+
Kg8 24. O-O $11) 8. Bb2 O-O 9. c4 b6 (9... d5 $143 10. Rc1 $16) (9... d6 10.
Be2 Nbd7 11. O-O b6 12. Nd4 Bb7 (12... a6 $5 {is similar to the text.}) 13. Nb5
Qb8 14. Qb3 a6 15. Nc3 e6 {Now Black has a real hedgehog position, where he
has to watch on >< d6.} (15... Qc7 16. Rac1) 16. Rad1 Rd8 17. e4 Ne5 (17... Qc7
$5) 18. f4 Neg4 19. Ncb1 b5 20. Bxg4 Nxg4 21. Bxg7 $14 {Nogueiras-Hernandez,
Cuba 1992}) (9... Nc6 {/\ a5 weakening White's P structure on the <<.} 10. Be2
a5 11. Qb3 axb4 12. axb4 Rxa1+ 13. Bxa1 d6 14. O-O Qb6 15. Bc3 {and White can
still hold his ideal P formation.} Bg4 16. Ra1 Nd7 17. Bxg7 Kxg7 18. Ra4 $14
Bxf3 19. Bxf3 Rc8 20. Bg4 $14 {Torre-Quinteros, Biel 1985}) 10. Be2 Bb7 11. O-O
d6 (11... d5 $143 {is again inferior due to} 12. Rc1 $16) (11... Nc6 12. Qb3 d6
{However the N looks more flexible on d7 than on c6.} 13. Rac1 Rac8 $11 {
Filip-Uhlmann, Vienna 1961}) 12. Rc1 (12. Nd4 a6 (12... Nbd7 {- 9...d6}) 13.
Bf3 {The exchange of the light-squared bishops doesn't change the evaluation
of the position, Black can hold it with quiet, positional play.} Nbd7 14. Rc1 (
14. Bxb7 Qxb7 15. Qf3 Qxf3 16. N4xf3 Rfc8 {The _|_ doesn't render any serious
chances for White.} 17. Rfc1 Rc7 18. Kf1 Rac8 19. Ke2 Ng4 20. Bxg7 Kxg7 $11 {
Taimanov-Vaganian, Yerevan 1994}) 14... Ne5 15. Bxb7 Qxb7 16. Qe2 Rac8 17. e4 (
17. N2b3 Nfd7 18. f4 Nc6 19. Nf3 Bxb2 20. Qxb2 Nf6 21. h3 Rc7 22. Qe2 Nb8 {
The N is isually in the way of the R on the c <->, and also closes the long /^.
} 23. Nfd2 Ne4 24. Nxe4 Qxe4 25. Nd2 Qe6 26. e4 Nd7 $11 {Kharlov-Chekhov,
Vladivostok 1994}) 17... Ned7 18. N4b3 Rfe8 19. Rc2 Qa8 20. Qd3 Red8 {Black
has a very flexible position, he is waiting for White's actions.} 21. Re1 Rc7
22. f4 b5 $1 $132 {and the typical counterblow comes just in time.
Muse-Khalifman, Germany 2001}) (12. Qb3 Nbd7 13. Nd4 a6 (13... Rac8 14. Rfc1
Qb8 15. a4 d5 {White has no total control over the [+] in comparision to the
"real hedgehog" with a P on e4.} 16. a5 dxc4 17. Nxc4 Bd5 18. Qa3 b5 19. Nd2 a6
20. N4b3 Rxc1+ 21. Rxc1 Rc8 22. Qa1 Bf8 $11 {leaving the annoying pin on the
long /^, Ibragimov-P.Cramling, Katrineholm 1999.}) 14. Bf3 Ne5 15. Bxb7 Qxb7
16. Rfc1 Ne4 {exchanges do help for Black because of the minimal lack of space.
} 17. Nxe4 Qxe4 18. Rc2 Nd3 19. Rd1 Nxb2 20. Qxb2 Rfc8 21. Qb3 Rc7 $11 {
Kurajica-Milov, Struga 1995}) 12... Nbd7 13. Nd4 (13. Qb3 Rac8 {This is the
right place for the R.} (13... Rad8 {Black wants something silly in the [+]?}
14. Nd4 a6 15. Bf3 Ne5 (15... e5 $2 {It seems, yes!} 16. Bxb7 Qxb7 17. Ne2 $14
d5 (17... b5 $2 18. Rc2 Nb6 19. Rfc1 Na4 20. Ba1 $16 {and Black's structural
weaknesses created by himself will remain, Lobron-Fedorowicz, New York 1985 41/
57.}) (17... Rfe8 18. Nc3 Nf8 19. Rfd1 $14) 18. Rfd1 $14) 16. Bxb7 Qxb7 17.
Rfd1 $14 {Lobron}) 14. Rc2 (14. Nd4 a6 (14... Qb8 15. Bf3 a6 {leads to the
same manoeuvring play.} 16. h3 Rc7 17. Rc2 Rfc8 18. Rfc1 Qa8 19. Bxb7 Qxb7 20.
N4f3 Ne4 21. Bxg7 Kxg7 22. Nxe4 Qxe4 23. Qb2+ Kg8 24. Nd2 {1/2-1/2
Smyslov-Scarella, San Martin 1993}) 15. Rfd1 (15. Bf3 Ne5 16. Bxb7 Qxb7 $11 {
Lobron}) 15... Rfd8 16. Qa2 (16. h3 Qb8 17. Bf1 Qa8 18. Ne2 Rc7 19. Nc3 Rdc8 {
This is one of the ideal positions for Black in this variation.} 20. Qa2 d5 21.
cxd5 Nxd5 22. Nxd5 Bxd5 23. Qa1 Bxb2 24. Qxb2 b5 $11 {Smyslov-Browne, Buenos
Aires 1978}) 16... Qb8 17. Qa1 Rc7 18. N4b3 Rdc8 19. Bf1 Qa8 {with the same
regrouping of pieces again.} 20. Bd4 Bc6 $11 {Dizdarevic-Adorjan, Manila 1992})
(14. Rfd1 Qb8 15. Ng5 h6 (15... Qa8 16. Bf3 d5 {is again the equalizing move.}
17. cxd5 Bxd5 18. Qd3 h6 19. Nh3 Bxf3 20. Nxf3 Rxc1 21. Rxc1 Rc8 22. Rxc8+ Qxc8
$11 {V.Kovacevic-Cs.Horvath, Mravinci 1995}) 16. Nh3 Qa8 17. Bf3 g5 {fighting
against the awkward N on h3.} 18. Bxb7 Qxb7 19. f4 g4 20. Nf2 b5 $11 {V.
Kovacevic-Alterman, Zagreb 1993}) 14... Ne4 {is the simple chess, less pieces
less problems.} (14... b5 $143 {This founders on pure tactics.} 15. Rfc1 bxc4
16. Bxc4 Qb8 17. Bxf7+ Rxf7 18. Rxc8+ Bxc8 19. Ng5 d5 20. Nxf7 Kxf7 21. Nf3 Ba6
22. Ng5+ Kg8 23. Bd4 $1 $14 {V.Kovacevic-I Armas, Thessaloniki (ol) 1988 46/80}
) (14... Qb8 15. Rfc1 Qa8 16. Ne1 {/\ Bf3} (16. h3 Rc7 17. Bf1 {It is
advisable for White to exchange his passive B via Bf3, on f1 it has no
perspectives.} Rfc8 18. Qa2 a6 19. Be2 Nf8 20. Bd4 N8d7 21. Bb2 Bc6 $11 {
Benares de sa Leitao-R.Leitao, Sao Paulo 2001})) 15. Bxg7 Kxg7 16. Rfc1 Ndf6
17. Ne1 Nxd2 18. Rxd2 Rfd8 19. Bf3 Rd7 20. h3 e5 $11 {Klinger-Cebalo, Luzern
1989}) 13... a6 14. Qb3 e5 $6 {This is against the principles of the quiet
hedgehog, it was not time to grab the |^ in the [+].} (14... Rac8 $11 {- 13.Qb3
}) 15. N4f3 Rae8 16. Rfd1 e4 {Black has a dream of a >> -> by Ne5, but without
a closed [+], this looks ill-fated.} 17. Nd4 h5 {Black's plan is a typical
King's Indian Attack, but White's chances on the other flank seem to be more
real.} 18. a4 Ng4 (18... Ne5 19. Qa3 $14) 19. Nf1 Nge5 20. Ba3 (20. Qa3 $5 $14
{was the typical continuation of a << ->.}) 20... Rb8 21. a5 $6 {White
overestimates his chances, the breakthrough is not well-prepared.} (21. Qc2)
21... bxa5 22. c5 axb4 23. cxd6 Qd8 (23... Qxd6 $2 24. Bxb4 Qb6 25. Bxf8 Qxb3
26. Nxb3 Kxf8 27. Na5 $16 {and Black has nothing for the exchange.}) 24. Bxb4
Qg5 25. Kh1 Nd3 $1 {Black opens up both long diagonals!} 26. Bxd3 exd3 27. f3
Bxd4 28. exd4 Qb5 29. Qa3 Bxf3 30. gxf3 Qxb4 31. Qxa6 Rb6 32. Qxd3 Rxd6 $11 {
and the draw is inevitable.} 33. Ng3 Rd8 34. Rb1 Qa4 35. Ra1 Qb4 36. Rab1 Qa4
37. Ra1 Qb4 1/2-1/2

[Event "St Petersburg-ch"]
[Site "St Petersburg"]
[Date "2001.04.17"]
[Round "7"]
[White "Utkin, Aleksey"]
[Black "Sivokho, Sergey V"]
[Result "1-0"]
[WhiteElo "2345"]
[BlackElo "2476"]
[Annotator "Hazai,L"]
[PlyCount "59"]
[EventDate "2001.04.10"]
[EventType "tourn"]
[EventRounds "11"]
[EventCountry "RUS"]
[EventCategory "9"]
[SourceTitle "CBM 083"]
[Source "ChessBase"]
[SourceDate "2001.07.05"]
[SourceVersion "1"]
[SourceVersionDate "2001.07.05"]
[SourceQuality "1"]

1. d4 Nf6 2. Nf3 g6 3. c3 Bg7 4. Bg5 b6 5. Nbd2 Bb7 6. e3 O-O 7. Be2 c5 8. O-O
d6 9. Qa4 {This anti-positional plan is a rare guest in the tournament
practice. If White wants to prepare b2-b4, this is not the best option for
that.} (9. a4 {- Ftacnik-Bekker Jensen, Hamburg 1999 CBM 72.}) (9. b4) (9. h3)
(9. Re1 {are the frequently played continuations here.}) 9... Qc7 (9... Nd5
$143 $6 {runs into} 10. Qb3 {/\ bxc5}) (9... Nbd7 {is certainly a logical
developing move.} 10. b4 (10. Ba6 {may eliminate the strong B on the long /^,
but after} Qc8 11. Bxb7 Qxb7 {the Q takes control over the h1-a8 /^.}) 10...
Qc7 11. bxc5 bxc5 12. Rab1 Rfc8 13. Qa3 (13. Rfc1 $6 {is bad because of} cxd4
14. cxd4 Qxc1+ 15. Rxc1 Rxc1+ $17) 13... Nb6 14. Bd3 h6 (14... e6 15. Rfe1 h6
16. Bh4 Nh5 {/\ g5 eliminating White's ^^.} 17. Nf1 g5 (17... cxd4 18. cxd4 g5
$11 (18... Bxf3 $6 {throws away the the strong B, for a useless weakening of
the >>.} 19. gxf3 Qc3 20. Qa6 Bf6 21. Bxf6 Nxf6 {(V.Kovacevic-B.Larsen,
Bugojno 1984 37/76)} 22. Ng3 $1 $14 {/\ Ne2, Rec1})) 18. Bg3 Nxg3 19. Nxg3 g4
20. Nd2 cxd4 21. cxd4 Qc3 22. Qxc3 Rxc3 23. Rb3 Rac8 24. Ne2 $1 Rxb3 25. Nxb3
$11 {and Black has nothing to fear in the _|_.}) 15. Bh4 g5 16. Bg3 Nh5 17.
Rfe1 Nxg3 18. hxg3 e6 $11 {with a very flexible position for Black, V.
Kovacevic.}) (9... Bc6 10. Bb5 Qe8 11. Bxc6 Qxc6 {The exchange of the
light-squared B is good for Black from strategical point of view.} 12. Qxc6
Nxc6 {1/2-1/2 Kozomara-Leban, Sarajevo 1968}) 10. dxc5 $6 {Giving up the [+]
is completely against the principles. However it deserves attention, how White
builds up a strong -> on the >> from nothing. In this quiet system >> ->
cannot be justified in case of cautious play.} bxc5 11. Qh4 {White brings the
Q to the >>, but still there are no threats at all.} Rd8 {Black wants to keep
his fianchettoed B, but this helps White to create some mating threats.} (11...
Nbd7 $1 {was the cold-blooded reaction.} 12. e4 a5 $132 {/\} 13. Bh6 $6 Bxh6
14. Qxh6 Nxe4 15. Nxe4 Bxe4 16. Ng5 Nf6 {repelling White's pathetic ->.}) 12.
Bh6 Bh8 $6 {Continuing the wrong plan.} (12... Nbd7 {was still enough for
equality.} 13. Bxg7 Kxg7 $11) 13. e4 Nbd7 14. Ng5 {White has created some
threats with brute force method. Now Black has to watch carefully his >>.} d5
$6 (14... a5 15. f4 Ba6 16. Bxa6 Rxa6 17. f5 Ne5 $13) 15. f4 $1 {[%mdl 128]
White is attacking with all of his forces!} (15. exd5 Bxd5 16. Nc4 Rab8 $11)
15... dxe4 {This allows the e2 B to join the attacking forces.} (15... c4 $1 {
gave the best counterchances, for example:} 16. e5 Qb6+ 17. Qf2 (17. Kh1 Qxb2
18. exf6 Bxf6 $132) 17... Ne8 18. e6 fxe6 19. Qxb6 Nxb6 20. Nxe6 Rd6) 16. Bc4
Bd5 ({On} 16... Rf8 {White continues his -> without hesitation:} 17. f5 $1 e3
18. Bxf8 Rxf8 19. fxg6 hxg6 20. Nxf7 $18) 17. Bxd5 Nxd5 18. f5 N7f6 (18... N5f6
19. fxg6 hxg6 20. Ndxe4 Rab8 21. Nxf7 Kxf7 22. Ng5+ Ke8 23. Ne6 Qb6 24. Rae1
$40 {and the K is vulnerable in the middle.}) 19. fxg6 hxg6 20. Ndxe4 c4 (20...
Rab8 21. c4 $16) 21. Rae1 Rab8 22. Kh1 {White has made all the preparatory
moves before the final assault.} Nxe4 $2 {[#] This is an understandable
mistake in a difficult position.} (22... Rxb2 $6 23. Bf8 $1 Nh5 24. Rxf7 $40) (
22... Qb6 23. Bf8 Nh5 24. g4 Rxf8 25. gxh5 $40) 23. Bg7 $1 $18 {This is the
beautiful response!} Bxg7 24. Qh7+ Kf8 25. Ne6+ Ke8 26. Nxc7+ Nxc7 27. Rxe4 Kf8
28. Qxg6 Bf6 29. Qh6+ Bg7 30. Qf4 1-0